000 00253nam a2200097Ia 4500
001 639937
005 20250826153437.0
008 250824s9999 xx 000 0 und d
245 0 _aPAKİZE ANTİK
_cSÜLEYMAN TEVFİK
260 _bANTİK DÜNYA KLASİKLERİ
999 _c639937
_d639937